| 000 | 00466nmm a22001697a 4500 | ||
|---|---|---|---|
| 005 | 20160211145307.0 | ||
| 008 | 150626b xxu||||| |||| 00| 0 spa d | ||
| 041 | _aeng | ||
| 082 | _aSE 90 | ||
| 100 |
_aGómez Brenes, Sarela _93692 |
||
| 245 | _aInforme de práctica supervisada realizada en el Tecnológico de Costa Rica | ||
| 260 | _c2015 | ||
| 650 |
_aSECRETARIADO EJECUTIVO _93693 |
||
| 650 |
_aARCHIVO _93521 |
||
| 650 |
_aRECURSOS HUMANOS _9387 |
||
| 942 | _cIP | ||
| 999 |
_c6307 _d6307 |
||